00399 a2200121 4500020001500000040001300015082001300028100002400041245010600065260006100171300001100232650003400243 a156607987X aDLCbDLC00a005.44691 aKorzeniowski, Paul.10aWindows NT 4.0 : Microsoft's server and operating system strategy for the future cPaul Korzeniowski. aCharleston, S.C. :bComputer Technology Research,c1997. ap. cm. 0aOperating systems (Computers)